| 000 | 00923nam a22002057a 4500 | ||
|---|---|---|---|
| 999 |
_c62048 _d62048 |
||
| 003 | Ge_BSU | ||
| 005 | 20240627113938.0 | ||
| 008 | 240627s1939 ge ||||| |||| 00| 0 geo d | ||
| 041 | _ageo | ||
| 080 | _a616.1/4 კ-84 | ||
| 100 |
_aკრისტმანი, ვ.ი. _922610 |
||
| 245 |
_aშინაგანი სნეულებანი და ავადმყოფის მოვლა / _cვ.ი. კრისტმანი; რედ. ვლ. გასვიანი. |
||
| 264 |
_aთბილისი : _b საქმედგამი, _c 1939. |
||
| 300 |
_a304 გვ. : _bსურ. ; _c21 სმ. |
||
| 653 | _aშინაგანი დაავადებები | ||
| 653 | _aავადმყოფის მოვლა | ||
| 653 | _aმედიცინა | ||
| 700 |
_aგასვიანი, ვლ. _eრედაქტორი _922611 |
||
| 942 |
_2udc _cᲬᲘᲒᲜᲘ |
||